21(इक्कीस) श्रेष्ठ युवामन की कहानियां हिमाचल प्रदेश / (Record no. 184646)
[ view plain ]
| 000 -LEADER | |
|---|---|
| fixed length control field | 01332nam a22002057a 4500 |
| 005 - DATE AND TIME OF LATEST TRANSACTION | |
| control field | 20220707120046.0 |
| 010 ## - LCCN (DPL NO) | |
| LC control number | B-742537 HIN-21-22 |
| 020 ## - INTERNATIONAL STANDARD BOOK NUMBER | |
| International Standard Book Number | 97893954869570 |
| Terms of availability | 250.00 |
| 035 ## - SYSTEM CONTROL NUMBER | |
| System control number | B-742537 |
| 037 ## - SOURCE OF ACQUISITION | |
| Source of stock number/acquisition | डायमंड बुक्स |
| Stock number | |
| 082 ## - DEWEY DECIMAL CLASSIFICATION NUMBER | |
| Classification number | क |
| 245 ## - TITLE STATEMENT | |
| Title | 21(इक्कीस) श्रेष्ठ युवामन की कहानियां हिमाचल प्रदेश / |
| Statement of responsibility, etc | गंगा राम राजी द्वारा संपादित |
| 260 ## - PUBLICATION, DISTRIBUTION, ETC. (IMPRINT) | |
| Name of publisher, distributor, etc | डायमंड बुक्स |
| Place of publication, distribution, etc | नई दिल्ली |
| Date of publication, distribution, etc | 2022 |
| 270 ## - ADDRESS | |
| Address | X-30, ओखला इंडस्ट्रियल एरिया , फेज -II, |
| City | नई दिल्ली |
| Postal code | 110020 |
| Telephone number | 011-40712200 |
| Electronic mail address | ebooks@dpb.in |
| 300 ## - PHYSICAL DESCRIPTION | |
| Extent | 207पृ. |
| Dimensions | 22 सेमी(अजिल्द) |
| 500 ## - GENERAL NOTE | |
| General note | भारत कथा माला |
| 700 ## - ADDED ENTRY--PERSONAL NAME | |
| Personal name | गंगा राम राजी |
| 942 ## - ADDED ENTRY ELEMENTS (KOHA) | |
| Source of classification or shelving scheme | Dewey Decimal Classification |
| Item type | Hindi Books |
| Call number suffix | इक्कीस |
| Classification part | क |
| Withdrawn status | Lost status | Not for loan | Collection code | Home library | Current library | Date acquired | Source of acquisition | Cost, normal purchase price | Full call number | Barcode | Copy number | Cost, replacement price | Koha item type |
|---|---|---|---|---|---|---|---|---|---|---|---|---|---|
| Fiction | New Police Line | New Police Line | 07/07/2022 | डायमंड बुक्स/3449/5.3.22/109/24.3.22/10.3.22 | 250.00 | क इक्कीस | B-742537 | 1 | 250.00 | Hindi Books |
